| 000 | 00405nam a2200169Ia 4500 | ||
|---|---|---|---|
| 008 | 221030s9999 xx 000 0 und d | ||
| 020 | _a812190093 | ||
| 041 | _aEnglish | ||
| 082 |
_a105.23 _bWre |
||
| 100 | _aP. C. Wren | ||
| 245 | 0 | _aHigh School English Grammar & Composition | |
| 260 |
_bS.Chand & Co. _aNew Delhi _c1999 |
||
| 300 | _a419 | ||
| 650 | _aEnglish | ||
| 700 | _aH. Martin | ||
| 942 | _cBK | ||
| 999 |
_c1990 _d1990 |
||